| 000 | 00377nam a2200157Ia 4500 | ||
|---|---|---|---|
| 008 | 141014s9999||||xx |||||||||||||| ||und|| | ||
| 010 | _a26081 | ||
| 082 | _aTomo 16. Ejm. 1 | ||
| 100 | _aPlaneta | ||
| 245 | _aLugares de Leyenda 4 - Paseo por el Patrimonio | ||
| 250 | _aS/E | ||
| 260 |
_aEdiciones PASA _c2000 |
||
| 300 |
_aS/P _cDVD |
||
| 650 | _aDocumental | ||
| 942 | _cBK | ||
| 999 |
_c26231 _d26231 |
||